| 000 | 00660nam a22002177a 4500 | ||
|---|---|---|---|
| 999 |
_c6148 _d6148 |
||
| 003 | AR-CdUCM | ||
| 008 | 190313b ||||| |||| 00| 0 spa d | ||
| 040 |
_aMUNICIPALIDAD PROVINCIAL DEL CUSCO _cBIBLIOTECA MUNICIPAL DEL CUSCO |
||
| 082 |
_a869.963 / _bV39 |
||
| 100 |
_aVega, Daniel de la _917809 |
||
| 245 | _aViento sur / | ||
| 260 |
_aSantiago de Chile : _bEditores la novela nueva, _c1929 |
||
| 300 |
_a57 paginas ; _c18 cm. |
||
| 500 | _aDonación familia Nieto. | ||
| 505 | _aContenido :Viento sur. | ||
| 650 |
_aPoesía Chilena _95520 |
||
| 650 |
_aLiteratura chilena _92985 |
||
| 650 |
_aHistorietas _910786 |
||
| 942 |
_2ddc _cLIBROS |
||
| 945 | _arum | ||